Lecture CE1
Αποθηκεύτηκε σε:
| Κύριος συγγραφέας: | |
|---|---|
| Μορφή: | Βιβλίο |
| Γλώσσα: | French |
| Δημοσίευση: |
[s.l.] :
[s.n.],
[19--]
|
| Σειρά: | Collection top niveau
|
| Θέματα: | |
| Ετικέτες: |
Προσθήκη ετικέτας
Δεν υπάρχουν, Καταχωρήστε ετικέτα πρώτοι!
|
MARC
| LEADER | 00000nam a2200000 i 4500 | ||
|---|---|---|---|
| 001 | 1/11045 | ||
| 008 | 000907q fre d | ||
| 020 | |a 2-210-75220-5 | ||
| 035 | |l 10063682 | ||
| 040 | |a GR-MY-UA |b gre |e aacr | ||
| 041 | 0 | |a fre | |
| 082 | 0 | |a 448 | |
| 100 | 1 | |a Serre, Monique. | |
| 245 | 1 | 0 | |a Lecture CE1 / |c Monique Serre |
| 260 | |a [s.l.] : |b [s.n.], |c [19--] | ||
| 300 | |a 47 p.; |b ill.; |c 25 cm | ||
| 490 | 1 | |a Collection top niveau | |
| 650 | 0 | 0 | |a French language |x Study and teaching. |
| 830 | 0 | |a Collection top niveau | |
| 852 | |a INST |b RHODES |e 20000907 |h 448 SER |p 005400007969 |q 005400007969 |t BK |y 0 | ||
| 909 | |a Ρ |b 019788 | ||
| 922 | |a 4ΕΛΗ |b 199104 | ||
| 970 | |z 2000/09/ΣΟΦΙΑ | ||